Стартап. А1. Учебный комплекс по русскому языку как иностранному. Рабочая тетрадь

Bibliographic Details
Main Author: Н. Л. Федотова
Other Authors: В. М. Феоклистова
Summary:Книга находится в премиум-версии платформы «Русский как иностранный».
Рабочая тетрадь является частью учебного комплекса по русскому языку как иностранному «Стартап. А1». В издании предлагаются разнообразные упражнения и задания для самостоятельной работы студентов. Контроль выполнения заданий может осуществляться преподавателем на уроке, а также в режиме взаимопроверки. Предлагаемые упражнения и задания позволяют закрепить формируемые на занятиях аспектные языковые навыки (фонетические, лексические, грамматические) и речевые умения во всех видах речевой деятельности. В каждом уроке имеются грамматические таблицы для повторения изученного материала и выполнения грамматических упражнений. Большинство аудиотекстов, предназначенных для стабилизации аудитивных умений, аутентичны (в основном фрагменты художественных фильмов), что предоставляет возможность учащимся достаточно быстро погрузиться в русскую языковую среду. Рабочая тетрадь адресована иностранным студентам, изучающим русский язык на уровне А1.
Published: Москва, Ай Пи Ар Медиа, 2023
Subjects:
Online Access:Перейти к просмотру издания
Format: Electronic

MARC

LEADER 00000 a2200000 4500
001 RU/ROS-EDU.RU/131416
856 4 |u https://www.ros-edu.ru/book?id=131416  |z Перейти к просмотру издания 
010 |a 978-5-4497-2187-7 
100 |a 20230101d2023 |||y0rusy0250  
105 |a y z 000zy 
101 0 |a rus 
102 |a RU 
200 1 |a Стартап. А1. Учебный комплекс по русскому языку как иностранному. Рабочая тетрадь  |b Электронный ресурс  |f Н. Л. Федотова, В. М. Феоклистова 
700 1 |b Н. Л.  |a Федотова  |4 070 
701 1 |b В. М.  |a Феоклистова  |4 070 
330 |a Рабочая тетрадь является частью учебного комплекса по русскому языку как иностранному «Стартап. А1». В издании предлагаются разнообразные упражнения и задания для самостоятельной работы студентов. Контроль выполнения заданий может осуществляться преподавателем на уроке, а также в режиме взаимопроверки. Предлагаемые упражнения и задания позволяют закрепить формируемые на занятиях аспектные языковые навыки (фонетические, лексические, грамматические) и речевые умения во всех видах речевой деятельности. В каждом уроке имеются грамматические таблицы для повторения изученного материала и выполнения грамматических упражнений. Большинство аудиотекстов, предназначенных для стабилизации аудитивных умений, аутентичны (в основном фрагменты художественных фильмов), что предоставляет возможность учащимся достаточно быстро погрузиться в русскую языковую среду. Рабочая тетрадь адресована иностранным студентам, изучающим русский язык на уровне А1. 
210 |a Москва  |c Ай Пи Ар Медиа  |d 2023 
610 1 |a РКИ 
610 1 |a русский язык 
610 1 |a русский как иностранный 
610 1 |a стартап 
610 1 |a учебный комплекс 
610 1 |a рабочая тетрадь 
610 1 |a речевая деятельность 
675 |a 811.161 
686 |a 81.411  |2 rubbk 
300 |a Книга находится в премиум-версии платформы «Русский как иностранный». 
215 |a 110 с.